[Event "Høstturneringen 2016 (Follo 20 år)"]
[Site "Ås, Akershus NOR"]
[Date "2016.09.01"]
[Round "1"]
[White "Furnes, Torstein"]
[Black "Brenden, Torbjørn"]
[Result "1/2-1/2"]
[WhiteElo "1610"]
[BlackElo "1417"]
[Annotator "Furnes, Torstein"]
[PlyCount "164"]
[EventDate "2016.09.01"]

1. d4 e6 2. c4 d5 3. Nc3 Nf6 4. Bg5 Be7 5. e3 O-O 6. Nf3 a6 7. Bd3 dxc4 8. Bxc4
b5 9. Bd3 Bb7 10. a3 Nbd7 11. O-O c5 12. dxc5 Nxc5 13. Be2 Qb6 14. b4 Nce4 15.
Nxe4 Bxe4 {Så langt har vi fulgt partier som finnes i online-databasen til
ChessBase. Men hvits neste trekk er ikke spilt før. Der er Dd4 og Db3 spilt.}
16. Rc1 Rfd8 17. Qb3 h6 18. Bf4 Rac8 19. Nd4 Bd5 20. Qb2 Nd7 21. Bg3 Bf6 22.
Rfd1 Qb7 23. Bf1 Nb6 24. Rxc8 Rxc8 25. Rc1 Bc4 26. Bxc4 Rxc4 27. Rxc4 Nxc4 28.
Qb3 Bxd4 29. exd4 Qe4 30. Qd1 Nxa3 31. h3 Qb1 32. Qxb1 Nxb1 33. Kf1 Na3 34. Bd6
Nc4 35. Bc5 f5 36. Ke2 Kf7 37. Kf3 h5 38. Kf4 Kf6 39. h4 g6 40. Ba7 Nd6 41. Bc5
Nf7 ({Fritz vil spille} 41... Ne4 42. f3 Nxc5 43. dxc5 e5+ 44. Ke3 Ke6 45. f4
e4 46. Kd4 Ke7 47. Kc3 Kd7 48. Kd2 Kc6 49. Ke3 a5 50. bxa5 Kxc5 $19) 42. Bb6
Ke7 43. Bc5+ Kd7 44. Ke3 e5 45. dxe5 Nxe5 46. Kd4 Ke6 47. Bf8 Nd7 48. Bc5 Nb8
49. Bf8 Nd7 50. Bc5 Ne5 51. Bf8 Nc4 52. Bc5 a5 53. bxa5 Nxa5 54. Bb6 Nc4 55.
Ba7 Kd6 56. Bc5+ Kc6 57. Bb4 Nb6 58. Ke5 Nd5 59. Bd2 Kc5 60. Ke6 Kc4 61. Kf7
Nc3 62. Kxg6 b4 63. Kxh5 Kd3 64. Bc1 Kc2 65. Bb2 $4 $19 {Etter dette
løpertrekket står svart til vinst. Fritzvurdering: -7.} ({Hvit holder
antagelig remis med} 65. Kg6 Kxc1 66. h5 b3 67. h6 b2 68. h7 b1=Q 69. h8=Q {
med Fritzvurdering -0.4.}) 65... Kxb2 66. Kg6 Nd5 67. Kxf5 {Dermed er vi over
i et 7-brikkers sluttspill, og Lomonosov Tablebase sier at svart har matt i 16
trekk.} Ne7+ 68. Kf6 Ng8+ 69. Kg7 Nh6 70. Kxh6 Kc2 71. g4 b3 72. g5 b2 73. g6
b1=Q 74. g7 {I denne stillingen har svart bare to trekk som vinner, nemlig Db3
og Da2. Svart velger et annet trekk og stillingen blir dermed remis:} Qb6+ $11
75. Kh7 Qc7 76. h5 Qf7 77. h6 Kd3 78. Kh8 Qf6 79. h7 Ke4 80. Kg8 Qe6+ 81. Kh8
$4 $19 {Hvit gjør en alvorlig feil og spiller bort remisen.} ({Hvit holder
greit remis med} 81. Kf8) 81... Qf6 $11 ({Svart har matt i 3 trekk med} 81...
Qe5 $1 82. f4 (82. Kg8 Qe8#) 82... Kxf4 83. Kg8 Qe8#) 82. Kg8 Qe6+ 1/2-1/2

[Event "Høstturneringen 2016 (Follo 20 år)"]
[Site "Ås, Akershus NOR"]
[Date "2016.09.01"]
[Round "1"]
[White "Bakken, Svein-Erik"]
[Black "Lange, Holger"]
[Result "0-1"]
[WhiteElo "1347"]
[BlackElo "1624"]
[PlyCount "84"]
[EventDate "2016.09.01"]

1. d4 Nf6 2. c4 e6 3. Nc3 Bb4 4. Nf3 c5 5. dxc5 O-O 6. Bg5 Bxc5 7. e3 Nc6 8. a3
a5 9. Bd3 h6 10. Bh4 Be7 11. O-O d5 12. Qc2 d4 13. exd4 Nxd4 14. Nxd4 Qxd4 15.
Bg3 Bd7 16. Rfd1 Qc5 17. Qe2 Bc6 18. Rac1 Rfd8 19. Ne4 Nxe4 20. Bxe4 Bg5 21.
Rxd8+ Rxd8 22. Bxc6 Bxc1 23. Bxb7 Bxb2 24. h3 Bxa3 25. Ba6 Bb4 26. Bb5 Qd4 27.
Kh2 Bd6 28. Qa2 Bxg3+ 29. fxg3 Qd2 30. Qb1 Qb4 31. Qe4 a4 32. Qc6 a3 33. Qc7
Qd6 34. Qa5 Rb8 35. Qa7 Rc8 36. Qb7 Qc5 37. Qa6 Rd8 38. Qa4 Rc8 39. Qa6 Rc7 40.
Qa8+ Kh7 41. Qe4+ g6 42. h4 a2 0-1

[Event "Høstturneringen 2016 (Follo 20 år)"]
[Site "Ås, Akershus NOR"]
[Date "2016.09.01"]
[Round "1"]
[White "Lea, Per"]
[Black "Sandvik, Sander"]
[Result "0-1"]
[WhiteElo "1533"]
[BlackElo "1127"]
[Annotator "Lea, Per"]
[PlyCount "98"]
[EventDate "2016.09.01"]

1. e4 e5 2. Nf3 Nc6 3. Bb5 Nf6 4. O-O Nxe4 5. Re1 Nc5 $2 (5... Nd6) 6. Nxe5 $2
(6. d4 $1 a6 7. Bxc6 dxc6 8. Bg5 $1 ({Enda bedre enn} 8. dxc5 Qxd1 9. Rxd1 Bxc5
10. Nxe5) 8... Be7 (8... f6 9. Nxe5) 9. Bxe7 Kxe7 10. dxc5 Qxd1 11. Rxd1) 6...
Be7 7. d4 Nxe5 8. Rxe5 c6 9. Be2 $2 (9. dxc5 cxb5 10. Qe2 {med fordel for hvit}
) 9... d6 $2 (9... Ne6 10. d5 d6 11. Re3 cxd5 12. Qxd5 O-O {og svart har
nesten utliknet}) 10. Re3 $2 ({Jeg vurderte lenge å velge} 10. Rxe7+ Qxe7 11.
dxc5 dxc5 12. Be3 {men vurderte det til å bety at all fordel forsvant. En av
mange feilvurderinger i partiet !}) 10... Nd7 11. d5 Ne5 12. c4 O-O 13. f4 Ng6
{Nå er det like før pila tipper over og påstår at svart står best} 14. Rb3 c5
15. Nc3 Bf6 16. Be3 Re8 17. Qd2 $4 {En katastrofal overseelse. Hadde det ikke
vært for at svart hadde dårlig tid (13.29 igjen), hadde jeg gitt opp allerede
her.} Rxe3 $1 18. Nb5 (18. Qxe3 $4 Bd4 {0-1}) 18... Rxb3 19. axb3 a6 20. Bf3
Rb8 21. Nc3 Bd4+ 22. Kf1 Qh4 23. g3 Qh3+ 24. Ke1 Bf5 {Svart snører nettet
stadig strammere og finner gode trekk selv i det som de fleste vil
karakterisere som ekstrem tidsnød. For mesteparten av de gjenstående trekkene
var svart nede på 5-6 sekunder før han rakk og trekke og få 30 sekunder ekstra.
} 25. Qe2 Kf8 26. Kd2 Re8 27. Qg2 Qxg2+ 28. Bxg2 Bxc3+ 29. bxc3 Bg4 30. Kd3
Bf5+ 31. Kd2 Bg4 32. Kd3 Re2 33. Rg1 Rb2 34. h3 Bf5+ 35. Be4 Bxe4+ 36. Kxe4
Rxb3 37. Kd3 Rb2 38. h4 a5 39. h5 Ne7 40. g4 a4 41. Ra1 Rg2 42. Rxa4 Ke8 ({
Selv med lite tid igjen på klokka, ser svart fellen} 42... Rxg4 43. Ra8+ Nc8
44. Rxc8+ Ke7 {og svart har fremdeles en liten fordel selv om hvit nesten har
fått en gratissjanse}) 43. g5 Rh2 44. Ra8+ Kd7 45. Rb8 Kc7 46. Rf8 Rxh5 47.
Rxf7 Kd7 48. Rxg7 Ke8 49. Ke4 $4 Kf8 {Med massevis av tid igjen er det
plutselig hvit som overser et enkelt vinstrekk fra svarts side. Med tårnet
borte kan ikke hvit gjøre annet enn å gi opp.} 0-1

[Event "Høstturneringen 2016 (Follo 20 år)"]
[Site "Ås, Akershus NOR"]
[Date "2016.09.01"]
[Round "1"]
[White "Samset, Jon"]
[Black "Kielland-Lund, Jon"]
[Result "0-1"]
[WhiteElo "1077"]
[BlackElo "1500"]
[PlyCount "82"]
[EventDate "2016.09.01"]

1. Nf3 d5 2. d4 Bf5 3. g3 Nf6 4. b4 e6 5. b5 a6 6. bxa6 Nxa6 7. c3 c6 8. Bg2
Be7 9. O-O O-O 10. Ne5 Nd7 11. f4 f6 12. Nxd7 Qxd7 13. e3 Ra7 14. Ba3 Rfa8 15.
Bxe7 Qxe7 16. Nd2 Nc7 17. Qb3 Qa3 18. Rf2 Nb5 19. e4 dxe4 20. Qxa3 Rxa3 21.
Nxe4 Bxe4 22. Bxe4 Rxc3 23. Rd2 Rc4 24. Re1 Nxd4 25. Rf2 Ra7 26. Bb1 c5 27. g4
g6 28. Ref1 b5 29. f5 gxf5 30. gxf5 e5 31. Be4 Rg7+ 32. Kh1 Ra4 33. Bd5+ Kf8
34. Ra1 c4 35. a3 Raa7 36. Rb2 c3 37. Rbb1 c2 38. Rc1 Rac7 39. Be4 Nb3 40. Rxc2
Rxc2 41. Rd1 Rc1 0-1

[Event "Høstturneringen 2016 (Follo 20 år)"]
[Site "Ås, Akershus NOR"]
[Date "2016.09.01"]
[Round "1"]
[White "Ruud, Kjetil"]
[Black "Garmark, Vegard"]
[Result "1-0"]
[WhiteElo "1446"]
[BlackElo "1201"]
[PlyCount "75"]
[EventDate "2016.09.01"]

1. e4 d5 2. exd5 Nf6 3. Nf3 Nxd5 4. c4 Nf6 5. d4 Bg4 6. Be2 e6 7. O-O c5 8. Be3
cxd4 9. Bxd4 Nc6 10. Qa4 Be7 11. Rd1 Qc7 12. Nc3 a6 13. Be5 Qa5 14. Qxa5 Nxa5
15. Bc7 Nc6 16. a3 Rc8 17. Bb6 Bd8 18. Bxd8 Rxd8 19. b4 O-O 20. h3 Bh5 21. g4
Bg6 22. b5 axb5 23. cxb5 Na5 24. Ne5 Nb3 25. Ra2 Rxd1+ 26. Bxd1 Nc5 27. Nxg6
hxg6 28. Rd2 Rc8 29. a4 Ncd7 30. Ne4 Nd5 31. Nd6 Rc7 32. Bf3 N7b6 33. a5 Nc4
34. Nxc4 Rxc4 35. Bxd5 exd5 36. Rxd5 Rc7 37. Rd8+ Kh7 38. b6 1-0

[Event "Høstturneringen 2016 (Follo 20 år)"]
[Site "Ås, Akershus NOR"]
[Date "2016.09.01"]
[Round "1"]
[White "Bø, Martin"]
[Black "Fuglseth, Jan"]
[Result "0-1"]
[WhiteElo "1191"]
[BlackElo "1478"]
[Annotator "Martin Bø"]
[PlyCount "98"]
[EventDate "2016.09.01"]

1. d4 Nf6 2. c4 e6 3. Nf3 b6 4. g3 d5 5. Bg2 Ba6 6. Nbd2 Be7 7. O-O O-O 8. b3
Nbd7 9. Qc2 Rc8 10. e4 dxe4 11. Nxe4 c5 12. Rd1 Nxe4 13. Qxe4 cxd4 14. Nxd4 Bf6
$6 15. Bb2 (15. Ba3 Re8 16. Nc6 Bb7 (16... Qc7 17. Bd6 Qb7 18. Ne7+ Bxe7 19.
Qxb7 Bxb7 20. Bxb7 Rc5 21. Bxc5 Nxc5 22. Bc6) 17. Nxd8 Bxe4 18. Nxf7 Bxg2 19.
Kxg2 Bxa1 20. Nd6 Nf6 21. Rxa1 Rcd8 22. Nxe8 Nxe8 $18) (15. Nxe6 $5 fxe6 16.
Qxe6+ Kh8 (16... Rf7 17. Bd5 Qe8 18. Qxf7+ Qxf7) 17. Rxd7 Qe8 18. Qxe8 Rcxe8
19. Ba3 Bxa1 20. Bxf8 Rxf8 $19) 15... Qe7 16. Nf5 Qc5 (16... Qe8 $2 17. Nxg7 (
17. Nd6 Qd8 18. Nxc8 Bxb2 19. Rab1 Qxc8 20. Rxb2) 17... Bxg7 18. Bxg7 Kxg7 19.
Qg4+ Kh6 20. Qd4 Rd8 21. Bc6 Qe7 22. Bxd7 Bb7) (16... exf5 17. Qxe7 Bxe7 18.
Rxd7 Rce8 $18) 17. Nd4 (17. Rxd7 exf5 18. Qc2 Bxb2 19. Qxb2 Rc7 20. Rd5 Qe7 21.
Rxf5 $18) 17... Rfe8 18. Qe2 Qc7 19. Nb5 $6 Bxb5 20. Bxf6 $2 Bxc4 21. bxc4 Nxf6
22. Rac1 Nd7 23. h4 Nc5 24. h5 h6 25. Rd4 Red8 26. Rcd1 Rxd4 27. Rxd4 Rd8 28.
Qd2 Rxd4 29. Qxd4 Qe7 30. Bf3 Qg5 31. Kg2 Qe7 32. Qe5 Qd7 33. Qb8+ Kh7 34. Qe5
Qa4 $2 35. Be4+ $4 (35. Qc7 $1 {Holder remis} f5 36. Bc6 Na6 $11 (36... Qxa2 $4
37. Be8 {[%emt 0:00:07] 1-0 matt i}) 37. Qb7 Qxc4 38. Kg1 Qc1+ 39. Kh2 Nc5 40.
Qb8 Qc2 41. Be8 Qxf2+ 42. Kh3 Qf1+ 43. Kh2 Qf2+ 44. Kh3 Qf1+ 45. Kh2 Qf2+ $11)
35... f5 36. Bd5 exd5 37. Qxf5+ Kg8 38. Qc8+ Kf7 39. Qf5+ Ke8 40. Qg6+ Kd8 41.
Qd6+ Qd7 42. Qb8+ Ke7 43. Qe5+ Kf7 44. Qf4+ Kg8 45. cxd5 Qxd5+ 46. Kg1 Qxa2 47.
Qb8+ Kh7 48. Qe8 Qb1+ 49. Kg2 Qe4+ 0-1

[Event "Høstturneringen 2016 (Follo 20 år)"]
[Site "Ås, Akershus NOR"]
[Date "2016.09.01"]
[Round "1"]
[White "Moberg, Jan Rune"]
[Black "Thowsen, Alf Geir"]
[Result "1-0"]
[WhiteElo "1503"]
[BlackElo "1161"]
[PlyCount "37"]
[EventDate "2016.09.01"]

1. d4 d5 2. Nf3 Nf6 3. Bf4 e6 4. e3 Nc6 5. c3 Bd6 6. Bg3 O-O 7. Nbd2 b6 8. b4
Nxb4 9. cxb4 Bxb4 10. Bd3 Bb7 11. O-O Rc8 12. Qa4 a5 13. a3 Bd6 14. Ne5 Bxe5
15. dxe5 Nd7 16. Bh4 Nc5 17. Qg4 (17. Bxh7+ Kxh7 18. Qc2+ Kh8 19. Bxd8) 17...
Qd7 18. Bf6 g6 19. Qg5 1-0

[Event "Høstturneringen 2016 (Follo 20 år)"]
[Site "Ås, Akershus NOR"]
[Date "2016.09.01"]
[Round "1"]
[White "Midtgard, Anders"]
[Black "Simonsen, Steinar"]
[Result "1-0"]
[WhiteElo "1105"]
[BlackElo "1272"]
[PlyCount "81"]
[EventDate "2016.09.01"]

1. e4 e6 2. d4 d5 3. Nd2 Nf6 4. e5 Nfd7 5. f4 c5 6. c3 cxd4 7. cxd4 Nc6 8. Ngf3
Bb4 9. a3 Ba5 10. Bd3 Bb6 11. Nb3 f5 12. Ng5 Nf8 13. Qh5+ g6 14. Qh6 Qe7 15.
Be3 Bd7 16. h4 O-O-O 17. h5 Rg8 18. Rc1 Kb8 19. Nc5 Bxc5 20. Rxc5 Be8 21. b4
gxh5 22. Qf6 Qxf6 23. exf6 h6 24. b5 hxg5 25. fxg5 Na5 26. Bf4+ Ka8 27. Rc3 b6
28. Be5 Rxg5 29. g3 Nd7 30. Kf2 Nxe5 31. dxe5 Kb7 32. Kf3 Rc8 33. Rxc8 Kxc8 34.
Kf4 Rg4+ 35. Kf3 Ra4 36. Bxf5 exf5 37. e6 Kd8 38. Rd1 Rxa3+ 39. Kf4 d4 40.
Rxd4+ Kc8 41. f7 1-0

[Event "Høstturneringen 2016 (Follo 20 år)"]
[Site "Ås, Akershus NOR"]
[Date "2016.09.15"]
[Round "1"]
[White "Lange, Magnus Øyvind"]
[Black "Johnson, David"]
[Result "0-1"]
[WhiteElo "843"]
[BlackElo "1443"]
[PlyCount "36"]
[EventDate "2016.09.01"]

1. e4 e5 2. Nf3 d5 3. exd5 e4 4. Nd4 Qxd5 5. Nb5 Na6 6. N1c3 Qe5 7. Be2 Nf6 8.
O-O c6 9. Na3 Bd6 10. g3 b5 11. Ncb1 Bh3 12. Re1 O-O 13. d3 Bc5 14. c3 exd3 15.
Bxd3 Qd5 16. Be4 Nxe4 17. Qxd5 cxd5 18. Re2 Rae8 0-1

[Event "Høstturneringen 2016 (Follo 20 år)"]
[Site "Ås, Akershus NOR"]
[Date "2016.09.08"]
[Round "2"]
[White "Fuglseth, Jan"]
[Black "Støle, Andreas"]
[Result "0-1"]
[WhiteElo "1478"]
[BlackElo "1595"]
[Annotator "Lea, Per"]
[PlyCount "134"]
[EventDate "2016.09.01"]

1. c4 c5 2. Nc3 Nc6 3. g3 g6 4. Bg2 Bg7 5. Nf3 e5 6. d3 Nge7 7. O-O O-O 8. Ng5
d6 9. e3 h6 10. Nge4 f5 11. Nd2 Rb8 12. a3 a6 13. f4 Be6 14. Rb1 b5 15. Qc2
bxc4 16. Nxc4 d5 17. Nxe5 Nxe5 18. fxe5 Bxe5 19. Na4 c4 20. Bd2 Kh7 21. d4 Bd6
22. Nc3 Qb6 23. Ne2 Rfe8 24. Nf4 Bf7 25. h4 Bxf4 26. gxf4 Qf6 27. Be1 Rb3 28.
Rf3 Nc8 29. Qf2 Nd6 30. Bc3 Ne4 31. Qe1 Nxc3 32. bxc3 Reb8 33. Ra1 Qe7 34. a4
Ra3 35. Rh3 Rbb3 36. Rc1 Rxa4 37. Bf3 h5 38. Bd1 Ra2 39. Bxb3 cxb3 40. Rh2 Qa3
41. Rxa2 Qxa2 42. Ra1 Qc2 43. Rxa6 b2 44. Rb6 Qc1 45. Kf1 Be8 46. Rb4 $4 (46.
Kf2 Ba4 47. Rb7+ Kh6 48. Qg1 Qd2+ 49. Kg3 Bc6 50. Rb6 Qc1 51. Kf2 {[%emt 0:00:
14] Skal være remis i følge Fritz}) 46... Ba4 47. Rb7+ Kg8 48. Rb6 Kf7 49. Rb7+
Kf6 50. Rb6+ Kg7 51. Rb7+ Kh6 52. Rxb2 Qxb2 53. Qg3 Qc1+ 54. Kg2 Qa3 55. Qg5+
Kg7 56. Qd8 Qb2+ 57. Kg1 Qc1+ 58. Kf2 Qd2+ 59. Kg1 Qxe3+ 60. Kg2 Qe2+ 61. Kh1
Qf1+ 62. Kh2 Qxf4+ 63. Kg2 Qe4+ 64. Kh2 Kf7 65. Qh8 Qxh4+ 66. Kg1 Qf6 67. Qa8
Bc6 0-1

[Event "Høstturneringen 2016 (Follo 20 år)"]
[Site "Ås, Akershus NOR"]
[Date "2016.09.08"]
[Round "2"]
[White "Lange, Holger"]
[Black "Moberg, Jan Rune"]
[Result "0-1"]
[WhiteElo "1624"]
[BlackElo "1503"]
[PlyCount "124"]
[EventDate "2016.09.01"]

1. e4 e5 2. Nf3 d6 3. d4 Nd7 4. Bc4 c6 5. O-O Be7 6. Nc3 Ngf6 7. a4 O-O 8. Re1
a6 9. b3 Qc7 10. Bb2 b6 11. d5 c5 12. Rc1 Re8 13. Nd2 Nf8 14. Ne2 Ng6 15. Rf1
Bd7 16. Bd3 Nh5 17. c4 Bg5 18. Rb1 Nhf4 19. Nxf4 Nxf4 20. Be2 f5 21. Bf3 a5 22.
Qc2 Rf8 23. Rfe1 Rae8 24. exf5 Bxf5 25. Be4 Qd7 26. Nf3 Bd8 27. Rbd1 g5 28.
Bxf5 Rxf5 29. Nd2 Rf6 30. Ne4 Rg6 31. Bc1 Rf8 32. Ng3 Qf7 33. Be3 h5 34. Ne2 h4
35. Bxf4 gxf4 36. g3 fxg3 37. fxg3 Qf2+ 38. Kh1 Qf3+ 39. Kg1 Qe3+ 40. Kh1 Qh6
41. Kg2 h3+ 42. Kh1 Rgf6 43. Qe4 Rf2 44. Qg4+ Kh8 45. Ng1 R8f5 46. Nxh3 R2f3
47. Kg2 Qf6 48. Qh4+ Qxh4 49. gxh4 Bxh4 50. Rf1 e4 51. Ng1 Rg5+ 52. Kh1 Rxb3
53. Rb1 Rb4 54. Ne2 e3 55. Rxb4 axb4 56. Rg1 Rf5 57. Rg4 Bf6 58. Rf4 Rxf4 59.
Nxf4 b3 60. Nd3 e2 61. Kg2 e1=Q 62. Nxe1 b2 0-1

[Event "Høstturneringen 2016 (Follo 20 år)"]
[Site "Ås, Akershus NOR"]
[Date "2016.09.08"]
[Round "2"]
[White "Kielland-Lund, Jon"]
[Black "Midtgard, Anders"]
[Result "1-0"]
[WhiteElo "1500"]
[BlackElo "1105"]
[Annotator "Kielland-Lund,Jon"]
[PlyCount "121"]
[EventDate "2016.09.01"]

1. c4 Nf6 2. Nc3 e6 3. e4 Nc6 4. d4 Bb4 5. e5 Ne4 6. Qd3 Nxc3 7. bxc3 Be7 8.
Qg3 O-O 9. Bh6 g6 10. Bxf8 Bxf8 11. Bd3 Bg7 12. f4 {Critter foresl?r Sh3 fulgt
av f4.} Ne7 13. Nf3 c5 14. O-O Nc6 15. d5 Ne7 16. d6 {? bedre er Dh4} Nf5 17.
Bxf5 exf5 18. Qf2 b6 19. Qd2 Bb7 20. Qe3 Bc6 21. Rab1 Be4 22. Rb2 Bc6 23. Ng5
h6 24. Nf3 Bb7 25. Kf2 Bc6 26. Rh1 Qe8 27. Rg1 Qe6 28. Nd2 Bb7 29. h3 Bc6 30.
a3 Bb7 31. a4 Bc6 32. Ra1 g5 33. g3 f6 34. exf6 Qxf6 35. Ra3 Qxd6 36. Nf3 g4
37. hxg4 fxg4 38. Nh4 Kf8 39. Nf5 Qf6 40. Nxg7 Qxg7 41. Re2 Bf3 42. Re1 Qf6 43.
Qe5 Qxe5 44. Rxe5 Re8 45. Rxe8+ Kxe8 46. a5 Kd8 47. axb6 axb6 48. Ra7 Kc8 49.
Ke3 Bc6 50. f5 Kd8 51. Kf4 Bf3 52. f6 Ke8 53. Kf5 Be2 54. Kg6 Bf3 55. Ra6 Be4+
56. Kxh6 Kf7 57. Rxb6 Bd3 58. Kg5 Bxc4 59. Kxg4 Kg6 60. Kf4 Kf7 61. Ke5 {
Oppgitt. Etter 16 d6, spilte hvit elendig en lengere periode, men etter noen
upresise trtekk fra svart, snudde pendelen igjen.} 1-0

[Event "Høstturneringen 2016 (Follo 20 år)"]
[Site "Ås, Akershus NOR"]
[Date "2016.09.17"]
[Round "2"]
[White "Sandvik, Sander"]
[Black "Ruud, Kjetil"]
[Result "0-1"]
[WhiteElo "1127"]
[BlackElo "1446"]
[PlyCount "86"]
[EventDate "2016.09.01"]

1. e4 Nc6 2. Nf3 d6 3. Bc4 Nf6 4. Nc3 Bg4 5. Ng5 Ne5 6. Be2 h6 7. d4 Bxe2 8.
Qxe2 Ned7 9. e5 hxg5 10. exf6 gxf6 11. Qb5 Rb8 12. Ne4 c6 13. Qe2 Qc7 14. Bd2
d5 15. Ng3 e6 16. Qf3 Be7 17. O-O-O a5 18. Nh5 f5 19. Ng7+ Kf8 20. Nxf5 exf5
21. Qxf5 Rg8 22. Rde1 Qd6 23. Rxe7 Qxe7 24. Re1 Qd6 25. Bxg5 Re8 26. Rxe8+ Kxe8
27. Bf4 Qe6 28. Qxe6+ fxe6 29. Bg3 Nf6 30. Kd2 Ne4+ 31. Ke3 Kf7 32. Kf3 Nxg3
33. fxg3 Kf6 34. h4 Kf5 35. h5 b6 36. a3 c5 37. c3 cxd4 38. cxd4 Rg4 39. h6 Rg6
40. g4+ Kg5 41. h7 Rh6 42. h8=Q Rxh8 43. Kg3 Rf8 0-1

[Event "Høstturneringen 2016 (Follo 20 år)"]
[Site "Ås, Akershus NOR"]
[Date "2016.09.08"]
[Round "2"]
[White "Johnson, David"]
[Black "Rønbeck, Bjørn"]
[Result "1-0"]
[WhiteElo "1443"]
[BlackElo "1122"]
[PlyCount "29"]
[EventDate "2016.09.01"]

1. e4 e5 2. Nf3 Nc6 3. Bc4 Nf6 4. Ng5 d5 5. exd5 Nxd5 6. Nxf7 Kxf7 7. Qf3+ Ke8
8. Bxd5 Be6 9. Bxe6 Qe7 10. Bb3 Nd4 11. Qxb7 Rd8 12. O-O Ne2+ 13. Kh1 Qh4 14.
Qb5+ Rd7 15. Qxe2 1-0

[Event "Høstturneringen 2016 (Follo 20 år)"]
[Site "Ås, Akershus NOR"]
[Date "2016.09.08"]
[Round "2"]
[White "Brenden, Torbjørn"]
[Black "Lange, Magnus Øyvind"]
[Result "1-0"]
[WhiteElo "1417"]
[BlackElo "843"]
[PlyCount "59"]
[EventDate "2016.09.01"]

1. e4 e5 2. Nf3 Nc6 3. Bb5 Nf6 4. d3 d6 5. h3 Bd7 6. O-O g6 7. Nc3 Bg7 8. Bg5
h6 9. Be3 a6 10. Ba4 b5 11. Bb3 b4 12. Ne2 a5 13. c3 bxc3 14. bxc3 O-O 15. Ng3
Ne7 16. d4 Nh7 17. Nh2 Bb5 18. Re1 Qc8 19. f4 Qa6 20. f5 gxf5 21. exf5 Bd7 22.
Rf1 Bb5 23. Rf2 a4 24. Bc2 Qc6 25. Qd2 Nd5 26. Be4 Qc4 27. Bxh6 Bc6 28. Bxg7
Kxg7 29. Nh5+ Kg8 30. Qh6 1-0

[Event "Høstturneringen 2016 (Follo 20 år)"]
[Site "Ås, Akershus NOR"]
[Date "2016.09.08"]
[Round "2"]
[White "Garmark, Vegard"]
[Black "Lea, Per"]
[Result "0-1"]
[WhiteElo "1201"]
[BlackElo "1533"]
[Annotator "Lea, Per"]
[PlyCount "30"]
[EventDate "2016.09.01"]

1. e4 e5 2. Nf3 Nc6 3. d4 exd4 4. Bc4 Bb4+ (4... Nf6 5. O-O Nxe4 6. Re1 d5 7.
Bxd5 Qxd5 8. Nc3 Qa5) 5. c3 dxc3 6. bxc3 Ba5 7. O-O d6 8. Qb3 Qf6 9. Bg5 Qg6
10. Re1 Nf6 $4 (10... Nh6 11. Bxh6 gxh6 12. e5 O-O {ser ikke pent ut, men er
nok ikke så farlig for svart som det kan se ut}) 11. e5 Ne4 12. Rxe4 $1 {
Friskt spilt! Dette hadde svart helt oversett.} Qxe4 13. Bxf7+ Kf8 14. Nbd2 Qf5
15. exd6 $4 {En stygg overseelse, muligens fordi hvit var begynt å bli sliten:
Selv om det bare er gjort 15 trekk har hvit brukt ca halvparten av tiden sin,
svart bare noen minutter mindre.} ({Etter} 15. e6 $1 h6 16. Be3 Qf6 17. Ne4 Qe7
18. Nd4 {er det svarts stilling som er pill råtten.}) 15... Qxf7 {og selv
svarts utsatte kongestilling og et innestengt tårn på h8 som ikke kommer ut i
overskuelig framtid er ikke nok kompensasjon for hvits materielle underlegenhet
} 0-1

[Event "Høstturneringen 2016 (Follo 20 år)"]
[Site "Ås, Akershus NOR"]
[Date "2016.09.08"]
[Round "2"]
[White "Simonsen, Steinar"]
[Black "Samset, Jon"]
[Result "1-0"]
[WhiteElo "1272"]
[BlackElo "1077"]
[PlyCount "83"]
[EventDate "2016.09.01"]

1. c4 e5 2. Nc3 b6 3. e4 Bb4 4. Qb3 Nc6 5. Nf3 Nf6 6. Nxe5 Nd4 7. Qd1 d6 8. Nf3
Nxf3+ 9. Qxf3 Bg4 10. Qd3 Qe7 11. f3 Bxc3 12. dxc3 Bh5 13. Be2 O-O 14. O-O Rfe8
15. Bg5 Qe5 16. Bxf6 Qxf6 17. Qd5 Qh4 18. Rae1 Rab8 19. f4 Bg6 20. Bd3 Re7 21.
Re3 Rbe8 22. Rh3 Qg4 23. Rg3 Qh4 24. Rh3 Qg4 25. Rhf3 h5 26. Rg3 Qe6 27. Qxe6
Rxe6 28. f5 h4 29. Rxg6 fxg6 30. fxe6 Rxe6 31. c5 Re5 32. cxd6 cxd6 33. Bc4+
Kh7 34. Bd5 g5 35. Rf5 Kg6 36. Rxe5 dxe5 37. h3 Kf6 38. Kf2 Ke7 39. Kf3 Kf6 40.
c4 a5 41. a4 g6 42. Kg4 1-0

[Event "Høstturneringen 2016 (Follo 20 år)"]
[Site "Ås, Akershus NOR"]
[Date "2016.09.08"]
[Round "2"]
[White "Thowsen, Alf Geir"]
[Black "Bakken, Svein-Erik"]
[Result "0-1"]
[WhiteElo "1161"]
[BlackElo "1347"]
[PlyCount "85"]
[EventDate "2016.09.01"]

1. e4 c5 2. Nf3 Nc6 3. Bc4 e6 4. Nc3 a6 5. a3 Qc7 6. d3 Nf6 7. Be3 Be7 8. Qd2
O-O 9. O-O-O b5 10. Bb3 Rd8 11. Rhe1 Na5 12. Bf4 d6 13. Ba2 Bb7 14. e5 dxe5 15.
Bxe5 Qb6 16. Ne4 Nxe4 17. Qf4 Rac8 18. dxe4 Rxd1+ 19. Rxd1 f6 20. Bc3 b4 21.
axb4 cxb4 22. Bd4 Qc6 23. c3 b3 24. Bb1 e5 25. Bxe5 fxe5 26. Nxe5 Qf6 27. Qxf6
Bxf6 28. f4 Bxe5 29. fxe5 Re8 30. Rd4 Rxe5 31. Kd2 Kf7 32. Rb4 Kf6 33. Bd3 Re7
34. Ke3 g5 35. g4 Re6 36. Ra4 Re5 37. Rb4 h6 38. h3 Rc5 39. Ra4 Ke5 40. Ra1
Nc4+ 41. Bxc4 Rxc4 42. Ra5+ Ke6 43. Kd2 0-1

[Event "Høstturneringen 2016 (Follo 20 år)"]
[Site "Ås, Akershus NOR"]
[Date "2016.09.22"]
[Round "3"]
[White "Støle, Andreas"]
[Black "Johnson, David"]
[Result "1-0"]
[WhiteElo "1595"]
[BlackElo "1443"]
[Annotator "Støle, Andreas"]
[PlyCount "61"]
[EventDate "2016.09.01"]

1. e4 e5 2. f4 {Kings gambit} Nc6 3. Nc3 Bc5 4. Nf3 d6 5. Bc4 Nf6 6. d3 Bg4 7.
Na4 Nd4 {Black is taking control of the center, but he havent castled yet.
This gives white some attacking chances} (7... O-O $1 {The last move for a
good opening for black and the game would have been very different}) 8. Nxc5
dxc5 9. Bxf7+ Kf8 (9... Kxf7 10. Nxe5+ Kf8 11. Nxg4 Nxg4 12. c3 $1 (12. Qxg4
Nxc2+)) 10. Bb3 {The black king is vurneable for more attacks, he must be
careful.} Nd7 11. Nxd4 $1 Bxd1 12. Ne6+ Ke7 13. Nxd8 Bxc2 14. Bxc2 Raxd8 15.
fxe5 Ke6 16. Bb3+ Kxe5 17. Ke2 Nf6 18. Rf1 Kd6 19. e5+ {White pulls the black
king back to the center} Kxe5 20. Bf4+ Kd4 21. Rac1 Rhe8+ 22. Kd2 b5 23. Bxc7
c4 24. Bxd8 Rxd8 25. dxc4 bxc4 26. Rxc4+ Ke5+ 27. Kc2 a5 28. g4 g6 29. g5 Nd5
30. Rc5 Rc8 31. Re1+ 1-0

[Event "Høstturneringen 2016 (Follo 20 år)"]
[Site "Ås, Akershus NOR"]
[Date "2016.09.22"]
[Round "3"]
[White "Ruud, Kjetil"]
[Black "Kielland-Lund, Jon"]
[Result "1-0"]
[WhiteElo "1446"]
[BlackElo "1500"]
[PlyCount "51"]
[EventDate "2016.09.01"]

1. e4 c6 2. Nc3 d5 3. Nf3 Bg4 4. h3 Bxf3 5. Qxf3 Nf6 6. e5 Nfd7 7. d4 e6 8. Bd3
c5 9. Be3 Nc6 10. Bb5 cxd4 11. Bxc6 dxc3 12. Bxd7+ Qxd7 13. bxc3 Qb5 14. Bd4
Be7 15. Qd3 Qc6 16. f4 O-O 17. O-O g6 18. g4 Bc5 19. f5 Bxd4+ 20. cxd4 Rac8 21.
Qe3 Qc3 22. Qf4 Rc4 23. Rad1 Qb4 24. Rb1 Qe7 25. f6 Qa3 26. Rb3 1-0